000
00338nam a2200145Ia 4500
005
20251222141925.0
008
251222s9999||||xx |||||||||||||| ||spa||
020
_a
8423667421
082
_a
833.914/F84
100
_a
Friedrich, Joachim
245
0
_a
Cuatro Amigos y Medio en…:
250
_a
5ta.ed.
264
_b
Edepé
942
_c
LIB
999
_c
8845
_d
8845